Basics of budgeting
Salvato in:
| Autore principale: | |
|---|---|
| Natura: | Libro |
| Lingua: | Undetermined |
| Pubblicazione: |
New York
American Management Association
1994
|
| Soggetti: | |
| Tags: |
Aggiungi Tag
Nessun Tag, puoi essere il primo ad aggiungerne! !
|
| Thư viện lưu trữ: | Trung tâm Học liệu Trường Đại học Cần Thơ |
|---|
| LEADER | 00503nam a2200181Ia 4500 | ||
|---|---|---|---|
| 001 | CTU_22068 | ||
| 008 | 210402s9999 xx 000 0 und d | ||
| 082 | |a 658.154 | ||
| 082 | |b F514 | ||
| 100 | |a Robert G Finney | ||
| 245 | 0 | |a Basics of budgeting | |
| 245 | 0 | |c Robert G Finney | |
| 260 | |a New York | ||
| 260 | |b American Management Association | ||
| 260 | |c 1994 | ||
| 650 | |a capital budget,resource allocation | ||
| 904 | |i Minh, 980228 | ||
| 980 | |a Trung tâm Học liệu Trường Đại học Cần Thơ | ||